000 00592nam a2200181 i 4500
001 23431
003 ES-MaACL
005 20251012173455.0
007 t|
008 021210s1971 sp ||||1| spa d
100 1 _aAlvarez Gómez, Jesús.
_920824
245 1 0 _aJuan Pablo Forner (1756-1797)
_b: preceptista y filósofo de la historia /
_cJesús Alvarez Gómez.
260 _aMadrid :
_bEd. Nacional,
_c1971.
300 _a586 p., 1 lám. :
_bretr. biog. ;
_c21 cm.
600 1 4 _aForner, Juan Pablo,
_d1756-1797
_951775
852 _aES-MaACL
_jC-38785
_bR.76867
999 _c23431
_d23431